The technique of Pahari painting : (Record no. 51377)

MARC details
000 -LEADER
fixed length control field 01419nam a2200265 a 4500
005 - DATE AND TIME OF LATEST TRANSACTION
control field 20110401160017.0
010 ## - LCCN (DPL NO)
LC control number B-425055
020 ## - INTERNATIONAL STANDARD BOOK NUMBER
International Standard Book Number 8173052115
Terms of availability 1800.00
035 ## - SYSTEM CONTROL NUMBER
System control number B-425055
037 ## - SOURCE OF ACQUISITION
Source of stock number/acquisition Researchco Book Centre
082 ## - DEWEY DECIMAL CLASSIFICATION NUMBER
Classification number 757.0954
100 1# - MAIN ENTRY--PERSONAL NAME
Personal name Ohri, Vishwa Chander
245 14 - TITLE STATEMENT
Title The technique of Pahari painting :
Remainder of title an inquiry into aspects of materials, methods, and history based upon observation and field-work /
Statement of responsibility, etc by Vishwa Chander Ohri
260 ## - PUBLICATION, DISTRIBUTION, ETC. (IMPRINT)
Name of publisher, distributor, etc Indian Institute of Advanced Study ;
Place of publication, distribution, etc New Delhi
Name of publisher, distributor, etc Aryan Books International,
Date of publication, distribution, etc 2001
270 ## - ADDRESS
Address Pooja Apartments, 4B, Ansari Road, Darya Ganj
City New Delhi
Postal code 110002
300 ## - PHYSICAL DESCRIPTION
Extent xx, 148 p. :
Other physical details ill. (some col.)
Dimensions 30 cm(Hb)
504 ## - BIBLIOGRAPHY, ETC. NOTE
Bibliography, etc Includes bibliographical references
650 #0 - SUBJECT ADDED ENTRY--TOPICAL TERM
Topical term or geographic name as entry element Pahari painting
Geographic subdivision India
-- Himachal Pradesh
General subdivision Technique.
650 #0 - SUBJECT ADDED ENTRY--TOPICAL TERM
Topical term or geographic name as entry element Miniature painting, Indic
General subdivision Technique.
650 #0 - SUBJECT ADDED ENTRY--TOPICAL TERM
Topical term or geographic name as entry element Painting, Indic
Geographic subdivision India
-- Himachal Pradesh
General subdivision Technique.
710 2# - ADDED ENTRY--CORPORATE NAME
Corporate name or jurisdiction name as entry element Indian Institute of Advanced Study.
9 (RLIN) 26972
942 ## - ADDED ENTRY ELEMENTS (KOHA)
Source of classification or shelving scheme Dewey Decimal Classification
Item type English Books
Call number suffix OHR
Classification part 757.0954
Holdings
Withdrawn status Lost status Not for loan Collection code Home library Current library Date acquired Source of acquisition Cost, normal purchase price Full call number Barcode Copy number Cost, replacement price Koha item type
    Not For Loan Reference Central Library Central Library 09/08/2011 Researchco Book Centre/RBC-22386/2011-12/14.3.11/76/4.3.11/23.3.11 1800.00 757.0954 OHR B-425055 1 1800.00 English Books

© Delhi Public Library
Hit Counter
free hit counter